000 00343 a2200133 4500
005 20250629100518.0
020 _a0-07-249980-X
082 _a658.8 DOL
100 _aDOLAN, R.J.
245 _aMarketing Management Cases,
260 _aNew York,
_bMcGraw-Hill Irwin,
_c2002.
300 _aviii; 499p: ill; Figure, Table,
_c25cm.
942 _2ddc
_cBKS
999 _c6247
_d6247